000 00261nam a2200109Ia 4500
008 230312s9999||||xx |||||||||||||| ||und||
082 _a759.960
_bFRE-D
100 _aFrechman
245 0 _aDrawing perspective step by step
650 _aArchitecture
942 _cBK
999 _c14545
_d14545